000 00983nam a22002297a 4500
999 _c62936
_d62936
003 Ge_BSU
005 20250326160816.0
008 250326s2016 ge ||||| |||| 00| 0 geo d
020 _a9789941934902
041 _ageo
080 _a159.97+616 რ-60
100 _aრიმანი, ფრიც
_916210
245 _aშიშის ძირითადი ფორმები /
_cფრიც რიმანი; გერმანულიდან თარგმნა ნანა გოგოლაშვილმა; მთ. რედაქტორი მზია რაზმაძე ; დიზაინერი ზილკე ნერინგი.
264 _aთბილისი ,
_c2016.
300 _a332 გვ. ;
_b20 სმ.
653 _aფობიები
653 _aშიში
653 _aფსიქოანალიზი
653 _aშიზოფრენია
653 _aდეპრესია
942 _2udc
_cBK